Normal view
MARC view
Entry Geographic Name
001 - CONTROL NUMBER
- control field: 55000
003 - CONTROL NUMBER IDENTIFIER
- control field: dpl
005 - DATE AND TIME OF LATEST TRANSACTION
- control field: 20130131115000.0
008 - FIXED-LENGTH DATA ELEMENTS
- fixed length control field: 130131|||a|||||| | ||| d
040 ## - CATALOGING SOURCE
- Original cataloging agency: dpl
- Transcribing agency: dpl
151 ## - HEADING--GEOGRAPHIC NAME
- Geographic name: Asie méridionale
- General subdivision: Politique économique
- Form subdivision: Périodiques.
670 ## - SOURCE DATA FOUND
- Source citation: Work cat.: (dpl)0: South Asia economic journal., 2000-
670 ## - SOURCE DATA FOUND
- Source citation: Work cat.: (dpl)0: South Asia economic journal., 2000-
